[Event "V Open RGCC 2019"]
[Site "Gijon"]
[Date "2019.07.24"]
[Round "3.2"]
[White "Elissalt Cardenas, Hector"]
[Black "Ortiz Suarez, Isan Reynaldo"]
[Result "1/2-1/2"]
[WhiteElo "2282"]
[BlackElo "2533"]
[Annotator "TA"]
[PlyCount "147"]
[EventDate "2019.07.22"]
[EventType "swiss"]
[EventCountry "ESP"]
[SourceTitle "playchess.com"]
[Source "ChessBase"]
[SourceQuality "1"]

{[%evp 18,147,41,29,47,43,55,38,45,37,48,43,52,39,60,31,47,37,40,0,0,7,-2,-15,-15,-15,0,0,0,-11,26,-25,0,-42,-33,-33,-31,-51,-2,0,-1,-9,-8,-8,0,-8,-5,-31,0,-2,45,52,56,45,28,35,29,36,55,69,41,53,52,0,15,13,12,0,0,0,-16,0,0,-45,-41,-60,0,-35,0,0,0,0,0,0,0,0,0,0,0,-8,-8,-8,-8,-8,-8,-8,-8,-1,0,-4,0,-24,0,0,0,0,8,0,0,0,0,-20,0,0,0,0,0,0,0,0,0,0,0,0,0,0,0,0,0,0,0,0]} 1. d4 Nf6 2. c4 e6 3. Nc3 c5 4. d5 exd5 5. cxd5 d6 6. Nf3 g6 7. Bf4 a6 8. a4 Bg7 9. e3 O-O 10. h3 Qe7 {A61: Modern Benoni: Nf3 without early e4} (10... Ne8 11. Be2 Nd7 12. O-O Rb8 13. a5 b5 14. axb6 Rxb6 15. Qc2 Qe7 16. Nd2 Ne5 17. Bh2 f5 18. Rfe1 {1-0 (36) Gledura,B (2622)-Perunovic,M (2604) Hungary 2019}) 11. Nd2 Nbd7 12. Be2 Ne5 {White is slightly better.} 13. O-O Nfd7 14. Bg3 f5 15. Re1 Nf6 16. f4 Nf7 $1 17. Bf3 $146 ({Predecessor:} 17. Nc4 Qc7 18. a5 {0-1 (103) Feng,M (2008)-Eswaran,A (1986) Tulsa 2015}) 17... Rb8 18. e4 Nxe4 19. Ndxe4 fxe4 20. Rxe4 Qf6 21. Bg4 Bf5 22. Bxf5 Qxf5 23. Re6 g5 24. Qg4 (24. Qb1 $142 Qxb1+ 25. Rxb1) 24... Bd4+ 25. Kh1 Qxg4 26. hxg4 gxf4 27. Bxf4 Ne5 28. g3 Nxg4 29. Ne4 $36 {[%mdl 2048] White is pushing.} ({Don't blunder} 29. Bxd6 $2 {[#]} Rf2 $1 $19 {[%mdl 512]}) 29... Rf5 30. Kg2 Rbf8 31. Rh1 Rxd5 32. Rh4 Nf6 {White must now prevent ...Nxe4.} 33. Nxd6 b6 34. Bh6 Rd8 35. Rxf6 $1 {[%mdl 64] Remove Defender} Bxf6 36. Rg4+ Bg5 $1 37. Ne4 Kf7 38. Bxg5 Rg8 39. Rf4+ Ke6 40. Bh4 ({White should play} 40. Bh6 $1 $14) 40... Rg6 41. Rf2 Rd4 42. Re2 Kd5 43. Nc3+ Kc4 {And now ...Rxh4 would win.} 44. Kf3 Rd7 45. Kf2 Kb3 {[%mdl 1024] Black has compensation.} 46. Ke1 Rdd6 (46... Rf7 $15) 47. a5 bxa5 48. Ne4 Rd5 49. Re3+ Kb4 50. Bf6 a4 51. Bc3+ Kb5 52. Ke2 Re6 53. g4 Kc6 54. Nf6 Rxe3+ 55. Kxe3 Rg5 56. Kf4 Rg7 57. g5 Rb7 58. Be5 c4 59. Kf5 a5 60. Nxh7 {The position is equal.} Rxh7 $11 {[%mdl 4096] Endgame KR-KB} 61. g6 Rh1 62. Bf6 {g7 is the strong threat.} Rf1+ 63. Ke6 Rg1 64. Kf5 Rf1+ 65. Ke6 Re1+ 66. Kf5 {[#]} a3 $1 67. bxa3 Kb5 68. g7 Re8 $1 69. Bc3 Ka4 70. Kf6 Ra8 71. Kf7 Ra7+ 72. Kf6 Ra8 73. Kf7 Kxa3 74. Bxa5 $1 {Accuracy: White = 52%, Black = 64%.} 1/2-1/2

[Event "V Open RGCC 2019"]
[Site "Gijon"]
[Date "2019.07.24"]
[Round "3.3"]
[White "Rios, Cristhian Camilo"]
[Black "Panelo, Marcelo"]
[Result "1/2-1/2"]
[WhiteElo "2520"]
[BlackElo "2360"]
[Annotator "ChessBase"]
[PlyCount "48"]
[EventDate "2019.07.22"]
[EventType "swiss"]
[EventCountry "ESP"]
[SourceTitle "playchess.com"]
[Source "ChessBase"]
[SourceQuality "1"]
[TimeControl "5400+30"]

1. c4 e6 2. Nc3 d5 3. d4 Nf6 4. cxd5 exd5 5. Bg5 Bb4 6. Rc1 h6 7. Bh4 Nbd7 8. Nf3 c5 9. dxc5 Qa5 10. a3 Bxc3+ 11. Rxc3 Ne4 12. b4 Nxc3 13. Qa1 Qa4 14. Qxc3 O-O 15. e3 a5 16. b5 Nxc5 17. Qxc5 Bf5 18. Qc3 Rfc8 19. Qa1 Rc2 20. Nd4 Rac8 21. Nxc2 Rxc2 22. Bg3 d4 23. exd4 Qb3 24. Be2 Bd3 1/2-1/2

[Event "V Open RGCC 2019"]
[Site "Gijon"]
[Date "2019.07.24"]
[Round "3.4"]
[White "Larino Nieto, David"]
[Black "Moral Garcia, Serafin"]
[Result "1-0"]
[WhiteElo "2471"]
[BlackElo "2283"]
[Annotator "TA"]
[PlyCount "105"]
[EventDate "2019.07.22"]
[EventType "swiss"]
[EventCountry "ESP"]
[SourceTitle "playchess.com"]
[Source "ChessBase"]
[SourceQuality "1"]

{[%evp 9,105,0,-6,-3,-13,-17,6,11,39,30,46,45,35,26,31,24,49,32,29,38,56,36,43,44,42,0,0,0,16,17,41,41,41,41,41,26,41,42,56,26,26,26,38,13,13,0,10,0,0,0,0,0,0,0,0,0,0,0,0,0,0,0,0,-19,-25,-25,0,-12,0,-19,0,0,0,0,0,0,25,27,32,0,34,41,42,54,184,171,933,926,914,893,1087,1022,4441,2543,1947,731,716,628]} 1. d4 Nf6 2. c3 g6 3. Bg5 Bg7 4. Nd2 d5 5. e3 Nbd7 (5... O-O 6. Ngf3 c5 7. Be2 cxd4 8. cxd4 Nc6 9. O-O Qb6 10. Qb3 Qxb3 11. Nxb3 Ne4 12. Bh4 e5 13. Bb5 exd4 14. Nfxd4 Nxd4 15. Nxd4 g5 16. Bg3 Nxg3 17. hxg3 Bxd4 18. exd4 {½-½ (27) Rapport,R (2698)-Grischuk,A (2750) chess.com INT 2017}) 6. f4 {D00: 1 d4 d5: Unusual lines} c5 7. Bd3 Qb6 8. Rb1 {The position is equal.} Nf8 9. Ngf3 Bf5 $146 ({Predecessor:} 9... Ng4 10. Qe2 Bf5 11. h3 Nf6 {0-1 (37) Vedral,O (2321)-Vaculik,M (2242) Czechia 2014}) 10. Bxf5 gxf5 11. Qa4+ N6d7 12. O-O Qc6 13. Qxc6 bxc6 14. Nb3 Ne6 15. Na5 Nxg5 16. Nxg5 Rc8 17. b4 c4 18. Nb7 O-O (18... Nf6 {is interesting.} 19. a4 h6 20. Nf3 Ne4 21. Rfc1 e6) 19. Nc5 Nxc5 20. bxc5 Rb8 21. Kf2 Rfc8 22. Ke2 h6 23. Nf3 Kf8 24. Kd2 Ke8 25. Kc2 Kd7 26. Ng1 Bf6 27. Ne2 e6 28. Ng3 Rxb1 29. Rxb1 $11 {[%mdl 4096] Endgame KRB-KRN} Kc7 30. Nh5 Be7 31. Rg1 Rg8 32. Kb2 Kb7 33. Ka3 Kc7 34. Kb2 Kb7 35. Kc2 Kc7 36. Ng3 Bh4 37. Nh1 $1 Be7 38. Nf2 Bf6 39. Nh3 Be7 40. g3 Bf6 41. Rg2 Be7 42. Ng1 Bf6 43. Nf3 h5 44. Rg1 Rg4 45. Ng5 h4 $1 ({Much weaker is} 45... Bxg5 $6 46. h3 $16) 46. Nxf7 hxg3 ({Better is} 46... Kd7 $14) 47. Rxg3 $18 ({Stronger than} 47. hxg3 Rg7 $11) 47... Bh4 $2 {[#]} (47... Rxg3 48. hxg3 Kd7 49. Ne5+ Kc7) 48. Rxg4 {White is clearly winning.} fxg4 49. Ne5 g3 50. hxg3 Bxg3 51. Nf3 Kd7 52. Kd2 (52. Kd1 $142 Ke7 53. Ke2) 52... Ke7 53. Ne5 {Accuracy: White = 63%, Black = 43%.} 1-0

[Event "V Open RGCC 2019"]
[Site "Gijon"]
[Date "2019.07.24"]
[Round "3.5"]
[White "Laiz Ibanez, Hector"]
[Black "Tejedor Fuente, Enrique"]
[Result "0-1"]
[WhiteElo "2268"]
[BlackElo "2442"]
[Annotator "TA"]
[PlyCount "66"]
[EventDate "2019.07.22"]
[EventType "swiss"]
[EventCountry "ESP"]
[SourceTitle "playchess.com"]
[Source "ChessBase"]
[SourceQuality "1"]

{[%evp 19,66,10,29,19,46,29,31,-7,-15,-16,-13,-20,0,-17,-12,-6,44,58,33,0,0,0,0,0,0,0,0,0,0,0,12,0,0,-8,-4,-103,-100,-115,-120,-479,-453,-5098,-4994,-29970,-29966,-29988,-29989,-29989,-29990]} 1. Nf3 c5 2. g3 d5 3. Bg2 g6 4. O-O Bg7 5. d4 cxd4 6. Nxd4 Nf6 7. c4 O-O 8. cxd5 Nxd5 9. Nc3 Nxc3 10. bxc3 a6 11. Rb1 {D75: Fianchetto Grünfeld: Main Line with 7...c5} (11. Qb3 Qc7 12. Ba3 Re8 13. Rab1 Nd7 14. Rfd1 Ne5 15. Qd5 Qxc3 16. Bb4 Qc4 17. Qa5 Nd3 18. Rxd3 Bxd4 19. Bd5 Qc2 20. Rbd1 Bf6 21. R3d2 Qf5 22. Bf3 {½-½ (22) Harikrishna,P (2731)-Leko,P (2713) Tsaghkadzor 2015}) 11... e5 12. Nb3 Qc7 13. Qd5 $146 {White is slightly better.} ({Predecessor:} 13. Qc2 Bf5 14. Be4 Bxe4 15. Qxe4 Nd7 16. Ba3 Rfd8 17. c4 Bf8 18. Bxf8 Rxf8 {1-0 (68) Li,Y (2045)-Yang,Y (1985) Harbin 2016}) 13... Nc6 14. Be3 Bf5 {With the idea ...Rfd8.} 15. Rb2 Rfd8 16. Qc4 Be6 17. Qh4 Ne7 {White should prevent ...Nf5.} 18. Nc5 Bd5 19. Bh3 Nf5 20. Bxf5 $1 gxf5 21. c4 Bc6 22. Bh6 $1 Bxh6 23. Qxh6 Qe7 $36 {[%mdl 2048] White is under pressure.} 24. Nd3 Rd6 25. Qh5 Qf6 {Strongly threatening ...e4.} 26. c5 Rd4 27. Rb6 {[#]} (27. Rb4 $11 {keeps the balance.}) 27... a5 $1 $17 28. f4 exf4 29. gxf4 $2 {[%mdl 8192]} (29. Rxf4 $17 {is tougher.} Rxf4 30. gxf4) 29... Kh8 $19 {( -> ...Rxd3!)} 30. Kf2 {[#]} (30. Rxc6 $142 Rg8+ {[%mdl 64] Zwischenzug} 31. Kf2 bxc6 32. Rg1) 30... Rxd3 $1 {[%mdl 576] Clearance} 31. exd3 Qd4+ {[%mdl 64] Double Attack. Black mates.} 32. Ke2 Re8+ 33. Kd2 Qe3+ {Accuracy: White = 25%, Black = 72%.} 0-1

[Event "V Open RGCC 2019"]
[Site "Gijon"]
[Date "2019.07.24"]
[Round "3.6"]
[White "Rey Malde, Henrique"]
[Black "Quispe Arteaga, Gabriel"]
[Result "0-1"]
[WhiteElo "2185"]
[BlackElo "2382"]
[Annotator "TA"]
[PlyCount "106"]
[EventDate "2019.07.22"]
[EventType "swiss"]
[EventCountry "ESP"]
[SourceTitle "playchess.com"]
[Source "ChessBase"]
[SourceQuality "1"]

{[%evp 12,106,26,28,33,35,45,33,30,40,39,0,16,0,9,2,12,0,0,0,0,0,0,0,0,0,18,0,0,0,4,-13,52,52,112,43,64,68,76,-53,54,41,61,0,0,0,0,0,70,-7,4,6,15,-17,0,-27,-27,-13,-27,-84,-85,-95,-107,-217,-165,-137,-138,-161,-150,-173,-50,-70,41,-131,-129,-161,-4,0,0,-330,-329,-309,-229,-1070,-1064,-895,-598,-1030,-516,-29991,-543,-3497,-2622,-29991,-29992,-29995,-29996]} 1. e4 c5 2. Nf3 d6 3. d4 cxd4 4. Nxd4 Nf6 5. Nc3 a6 6. h3 e6 7. g4 Nfd7 {B81: Sicilian Scheveningen: Keres Attack} 8. g5 b5 9. a3 Bb7 {White is slightly better.} 10. Be3 Nb6 11. Qd2 N8d7 {[%cal Bb8d7,Bd7e5,Be5c4][%mdl 32]} 12. O-O-O Rc8 13. h4 {[#]} Ne5 $146 ({Predecessor:} 13... d5 14. exd5 b4 15. axb4 Bxd5 16. Nxd5 Nxd5 17. Bxa6 Bxb4 {½-½ (32) Navara,D (2737)-Kasparov,G (2812) Saint Louis 2017}) 14. Rh3 Nec4 15. Qe1 Qc7 16. Bd2 g6 17. Kb1 Bg7 18. Bc1 Qc5 19. Nb3 Qc7 {Hoping for ...Nxa3+!} 20. Nd4 O-O 21. h5 e5 (21... Na4 $11 22. Nxa4 Bxd4 23. Rxd4 Nxa3+ 24. Rxa3 Qxc2+ {[%mdl 64] Double Attack} 25. Ka2 Qxc1) 22. Nb3 $14 Rcd8 ({Black should try} 22... Rfd8 $14) 23. Be2 (23. Bg2 $16) 23... Bc8 24. Rhd3 Be6 25. Nd5 (25. Nd2 $16) 25... Nxd5 (25... Bxd5 $1 $15 26. exd5 e4) 26. exd5 Bf5 27. Rc3 (27. h6 $14 Bh8 28. Rc3) 27... gxh5 $11 28. Bxc4 $1 bxc4 29. Nd2 Qe7 (29... Rc8 $11) 30. Nxc4 (30. Ne4 $14) 30... Bg6 31. Na5 Qd7 32. Nc6 Rde8 33. Qe2 f6 34. gxf6 Rxf6 35. Be3 (35. Rc4 $11) 35... Qg4 $17 36. Qf1 Be4 37. Bb6 (37. Rc4 $17 {is a better defense.}) 37... Bf3 38. Re1 Bxd5 39. Qxa6 h4 $1 40. Qb5 {[#]} Bf7 (40... Bg2 $1 $19 {Threatens to win with ...h3.} 41. Nd8 Rff8) 41. a4 $15 Rf3 (41... Qd7 $15) 42. Rxf3 $2 (42. Nd8 $1 $14 {was the only good move.} Rxc3 43. Nxf7 Kxf7 44. bxc3) 42... Qxf3 $17 43. Nd4 Qg2 $2 ({Worse is} 43... Qxf2 44. Rf1 $11) (43... Qg4 $19 {White must now prevent ...h3.} 44. Nc6 Qe6) 44. Nf5 $11 {[%mdl 64] Double Attack} h3 {aiming for ...h2.} 45. a5 $2 {[%mdl 8192]} (45. Nxd6 $11 h2 46. Nxf7 Kxf7 47. Qd7+ Re7 48. Qd1 (48. Qf5+ Kg8 $11)) 45... h2 $19 46. Ng3 Qd5 $40 {[%mdl 128] Black wants a kill.} 47. c4 $2 (47. Qxd5 Bxd5 48. c4) 47... Qd3+ 48. Ka1 Rf8 49. Rh1 Bxc4 50. Qd7 (50. Qa4 $19 Bd5 51. Rd1) 50... Kh8 (50... Qb3 $142 51. Kb1 {[#]} e4 $1 {[%mdl 512]} 52. Qxg7+ Kxg7 53. Kc1 Bd3 54. Nh5+ Kg6 55. Nf4+ Rxf4 56. Rg1+ hxg1=Q+ 57. Kd2 Qxb2+ 58. Ke3 Qgxf2#) 51. Nh5 {[%csl Gh5][%cal Rd7g7]} Bh6 {( -> ...Qb3)} 52. Be3 {[#]} Qd5 $1 {[%mdl 64] Double Attack} 53. Rc1 Qxa5+ {Accuracy: White = 32%, Black = 39%.} 0-1

[Event "V Open RGCC 2019"]
[Site "Gijon"]
[Date "2019.07.24"]
[Round "3.7"]
[White "Bobadilla Viera, Jorge Samuel"]
[Black "Lobo Rodriguez, Jesus Angel"]
[Result "1/2-1/2"]
[WhiteElo "2381"]
[BlackElo "2060"]
[Annotator "TA"]
[PlyCount "120"]
[EventDate "2019.07.22"]
[EventType "swiss"]
[EventCountry "ESP"]
[SourceTitle "playchess.com"]
[Source "ChessBase"]
[SourceQuality "1"]

{[%evp 19,120,-2,22,19,23,-1,0,0,0,-36,-39,-234,-211,-225,-109,-91,-93,-74,-89,-132,-141,-122,-38,-100,-102,-136,-78,-135,-120,-119,-79,-86,-90,-85,-71,-68,-71,-60,-63,-115,-115,-196,-193,-217,-214,-229,-211,-225,-217,-202,-193,-211,-211,-197,-148,-148,-148,-148,-148,-139,-123,-156,-156,-149,-135,-129,-116,-140,-140,-148,-148,-148,-148,-148,-148,-187,-148,-213,-213,-213,-148,-148,-148,-270,-270,-270,-270,-262,-270,-270,-148,-148,0,-251,0,-141,0,-218,-148,-575,-141,-141,-133]} 1. Nf3 Nf6 2. c4 e6 3. g3 d5 4. Bg2 Be7 5. O-O O-O 6. d4 dxc4 7. Qc2 b6 8. Qxc4 Bb7 9. Nc3 Nbd7 10. Rd1 c5 11. dxc5 {E03: Open Catalan: 5 Qa4+ Nbd7 6 Qxc4} Bxc5 12. b4 Bxf2+ 13. Kxf2 {Qd4 is the strong threat.The position is equal.} Rc8 {[#]} 14. Qd4 $146 {aiming for Bb2.} ({Predecessor:} 14. Qf4 Rxc3 15. Bb2 Rc7 16. Bxf6 gxf6 17. Rac1 Rxc1 18. Qxc1 Qc8 19. Qxc8 Bxc8 {½-½ (45) Bu,X (2710)-Bacrot,E (2715) Tbilisi 2017}) 14... Rxc3 $1 15. Ng5 $2 (15. Ne5 $15 Rc7 16. Bxb7 Rxb7 17. Bf4) 15... Qc7 $1 $19 16. Bb2 Rc4 (16... Rc2 $1 $19 {has better winning chances.} 17. Rd2 Rc4) 17. Rdc1 $17 Rxc1 ({Much worse is} 17... Rxd4 $6 18. Rxc7 Rd2 19. Bc3 $14) 18. Rxc1 Qb8 19. b5 Bxg2 20. Kxg2 h6 (20... Qa8+ $17 21. Kg1 h6) 21. Nf3 (21. Ne4 $15) 21... Nc5 22. Qh4 Nce4 ({Better is} 22... Nfe4 23. Qg4 f6) 23. Rc4 (23. Rc6 $142) 23... Qb7 24. Rc6 Qd7 25. Bxf6 Nxf6 26. Qd4 Rd8 27. Qxd7 Rxd7 {[%mdl 4096] Endgame KRN-KRN} 28. Rc8+ Kh7 29. Ra8 (29. a4 $15) 29... Ng4 30. h3 (30. Rc8 $17) 30... Ne3+ $19 31. Kf2 Nd1+ 32. Ke1 Nc3 33. Ne5 Rc7 34. a4 Nxa4 35. Nc6 Nc3 36. Nxa7 Rc5 37. Rc8 Rxc8 38. Nxc8 Nxb5 39. Nxb6 $17 {KN-KN} Kg6 40. Nd7 Kf5 41. Kf2 Nd4 42. Nc5 h5 43. e3 Nc6 44. e4+ Kg5 45. h4+ Kf6 46. Nd3 Ne5 47. Nf4 Ng4+ 48. Kf3 (48. Ke2 $17 {keeps fighting.}) 48... g6 $1 $19 49. Nh3 Ke5 50. Ng5 f6 51. Nf7+ (51. Nh3 $17) 51... Kd4 {Hoping for ...Ne5+.} 52. Nd8 {[#]} e5 $1 53. Ne6+ {[#]} Kd3 $1 54. Nc5+ Kc4 (54... Kc3 $19 55. Ne6 Kd3 56. Nc5+ Kd2) 55. Ne6 $17 Kd3 (55... Kb4 $17 56. Nd8 Kc5) 56. Nc5+ $19 Kc4 (56... Kd2 $19 {Threatens to win with ...Ke1.} 57. Nd7 Kd3 58. Nc5+) 57. Ne6 $17 Kd3 (57... Kb5 $17 58. Nc7+ Kc6) 58. Nc5+ $19 Kd2 59. Nb3+ $2 {[%mdl 8192]} (59. Nd7 $17 {was the crucial defense.}) 59... Kc3 $2 (59... Ke1 $19 {is more deadly. And now ...Kf1 would win.} 60. Kg2 Ke2) 60. Nc5 $17 f5 {Accuracy: White = 36%, Black = 51%.} 1/2-1/2

[Event "V Open RGCC 2019"]
[Site "Gijon"]
[Date "2019.07.25"]
[Round "4.1"]
[White "Grigoryan, Karen H."]
[Black "Tejedor Fuente, Enrique"]
[Result "1/2-1/2"]
[WhiteElo "2549"]
[BlackElo "2442"]
[Annotator "ChessBase"]
[PlyCount "96"]
[EventDate "2019.07.22"]
[EventType "swiss"]
[EventCountry "ESP"]
[SourceTitle "playchess.com"]
[Source "ChessBase"]
[SourceQuality "1"]
[TimeControl "5400+30"]

1. e4 c6 2. d4 d5 3. e5 Bf5 4. Nc3 e6 5. g4 Bg6 6. Nge2 h6 7. Bg2 Qh4 8. Nf4 Bh7 9. a3 Nd7 10. Qe2 O-O-O 11. Na4 g5 12. Nh5 Bg6 13. Ng3 f6 14. b4 fxe5 15. dxe5 Bg7 16. Bb2 Ne7 17. Bd4 Rhf8 18. Nc5 Bf7 19. b5 cxb5 20. Qxb5 Nxc5 21. Bxc5 Rd7 22. Qa4 Nc6 23. O-O Re8 24. Bxa7 Bxe5 25. Rab1 h5 26. Bb6 hxg4 27. Rfe1 Bb8 28. c4 Rh8 29. cxd5 exd5 30. Rbc1 Qxh2+ 31. Kf1 Qh6 32. Nf5 Qf6 33. Nd4 Rh6 34. Nxc6 bxc6 35. Bd4 Qd6 36. Be5 Qxe5 37. Rxe5 Bxe5 38. Rxc6+ Rxc6 39. Qxc6+ Kd8 40. Qh6 Bf4 41. Qb6+ Rc7 42. a4 Kc8 43. a5 Rc1+ 44. Ke2 Rc2+ 45. Kd1 Rc1+ 46. Ke2 Rc2+ 47. Kd1 Rc1+ 48. Ke2 Rc2+ 1/2-1/2

[Event "V Open RGCC 2019"]
[Site "Gijon"]
[Date "2019.07.25"]
[Round "4.2"]
[White "Quispe Arteaga, Gabriel"]
[Black "Larino Nieto, David"]
[Result "1-0"]
[WhiteElo "2382"]
[BlackElo "2471"]
[Annotator "ChessBase"]
[PlyCount "103"]
[EventDate "2019.07.22"]
[EventType "swiss"]
[EventCountry "ESP"]
[SourceTitle "playchess.com"]
[Source "ChessBase"]
[SourceQuality "1"]
[TimeControl "5400+30"]

1. Nf3 e6 2. g3 c5 3. Bg2 Nc6 4. O-O Nf6 5. d4 d5 6. b3 cxd4 7. Nxd4 Bc5 8. Bb2 O-O 9. Nxc6 bxc6 10. Nc3 Ba6 11. Na4 Bd6 12. Rc1 Bb5 13. Nc3 Be5 14. Ba1 Ba6 15. Na4 Bxa1 16. Rxa1 Qe7 17. Re1 Rac8 18. Qd2 Qa3 19. Qc1 Qb4 20. Qf4 c5 21. c3 Qxf4 22. gxf4 Bb5 23. Nb2 a5 24. c4 dxc4 25. bxc4 Ba6 26. Rec1 Rfd8 27. Rc2 Nd7 28. Na4 Kf8 29. Rd1 Ke7 30. Rd3 Rb8 31. Bc6 Rb1+ 32. Kg2 Nb8 33. Rxd8 Kxd8 34. Nxc5 Nxc6 35. Nxa6 Kc8 36. e3 h5 37. Nc5 Nb4 38. Rd2 Rc1 39. Nb3 Rxc4 40. Nxa5 Rc3 41. Nb3 Nd3 42. Nd4 g5 43. fxg5 e5 44. Ne2 Ra3 45. Rc2+ Kd7 46. Rc3 Ne1+ 47. Kf1 Rxc3 48. Nxc3 Nf3 49. Ne4 Ke6 50. Kg2 Ne1+ 51. Kg3 Kf5 52. Nd2 1-0

[Event "V Open RGCC 2019"]
[Site "Gijon"]
[Date "2019.07.25"]
[Round "4.3"]
[White "Cruz, Cristhian"]
[Black "Bobadilla Viera, Jorge Samuel"]
[Result "1-0"]
[WhiteElo "2562"]
[BlackElo "2381"]
[Annotator "ChessBase"]
[PlyCount "81"]
[EventDate "2019.07.22"]
[EventType "swiss"]
[EventCountry "ESP"]
[SourceTitle "playchess.com"]
[Source "ChessBase"]
[SourceQuality "1"]
[TimeControl "5400+30"]

1. d4 Nf6 2. c4 e6 3. Nf3 d5 4. Nc3 Bb4 5. Bg5 Nbd7 6. e3 c5 7. cxd5 exd5 8. dxc5 Qa5 9. Rc1 O-O 10. a3 Bxc3+ 11. Rxc3 Ne4 12. b4 Nxc3 13. Qa1 Qa4 14. Qxc3 a5 15. b5 h6 16. Bf4 Nf6 17. Bd3 Ne4 18. Bxe4 dxe4 19. Nd4 Bd7 20. c6 Rac8 21. c7 Bxb5 22. Nf5 f6 23. Ne7+ Kf7 24. Nxc8 Rxc8 25. f3 exf3 26. gxf3 Qc4 27. Qxc4+ Bxc4 28. Kd2 Bd5 29. e4 Bc6 30. Ke3 Ke7 31. Kd4 Kd7 32. h4 Re8 33. h5 Re7 34. Rd1 Kc8 35. Kc5 Rd7 36. Bd6 Ba4 37. Rd4 Bb3 38. f4 a4 39. e5 f5 40. Kb6 Rf7 41. Be7 1-0

[Event "V Open RGCC 2019"]
[Site "Gijon"]
[Date "2019.07.25"]
[Round "4.4"]
[White "Panelo, Marcelo"]
[Black "Martinez Duany, Lelys Stanley"]
[Result "1/2-1/2"]
[WhiteElo "2360"]
[BlackElo "2535"]
[Annotator "ChessBase"]
[PlyCount "101"]
[EventDate "2019.07.22"]
[EventType "swiss"]
[EventCountry "ESP"]
[SourceTitle "playchess.com"]
[Source "ChessBase"]
[SourceQuality "1"]
[TimeControl "5400+30"]

1. d4 g6 2. c4 Bg7 3. Nf3 f5 4. Nc3 Nf6 5. g3 O-O 6. Bg2 d6 7. O-O c6 8. b3 Qc7 9. Ba3 a5 10. Qd2 Na6 11. Rac1 Nb4 12. d5 Bd7 13. Nd4 cxd5 14. Bxb4 axb4 15. Nxd5 Nxd5 16. cxd5 Qa5 17. Rc4 Qxa2 18. Qxb4 Bxd4 19. Rxd4 b5 20. Rd3 Qb2 21. Re3 Qf6 22. f4 Rfc8 23. Bf3 Kf8 24. Kg2 Ra2 25. Rd1 Ra1 26. Rxa1 Qxa1 27. h4 Kf7 28. Kh2 Rc2 29. Kg2 h5 30. Rd3 Rc1 31. Qd4 Qxd4 32. Rxd4 Rc3 33. Rd3 Rc1 34. Kf2 Rb1 35. e3 Rb2+ 36. Ke1 b4 37. Bd1 Bc8 38. Rd2 Rxd2 39. Kxd2 Bb7 40. Bf3 Ba6 41. Be2 Bxe2 42. Kxe2 e6 43. Kd2 exd5 44. Kc2 Ke6 45. Kd3 Kd7 46. Kc2 Kc6 47. Kd2 Kb5 48. Ke2 Kc5 49. Kd3 Kb6 50. Kd2 Kc6 51. Kc2 1/2-1/2

[Event "V Open RGCC 2019"]
[Site "Gijon"]
[Date "2019.07.25"]
[Round "4.5"]
[White "Ortiz Suarez, Isan Reynaldo"]
[Black "Garcia Ramos, Daniel"]
[Result "1-0"]
[WhiteElo "2533"]
[BlackElo "2336"]
[Annotator "ChessBase"]
[PlyCount "55"]
[EventDate "2019.07.22"]
[EventType "swiss"]
[EventCountry "ESP"]
[SourceTitle "playchess.com"]
[Source "ChessBase"]
[SourceQuality "1"]
[TimeControl "5400+30"]

1. Nf3 Nf6 2. c4 c6 3. d4 d5 4. Qc2 e6 5. Bf4 Nbd7 6. e3 Ne4 7. Bd3 f5 8. Nc3 Be7 9. h3 O-O 10. O-O a5 11. Bh2 Bf6 12. Ne2 Qe8 13. Nc1 g5 14. Be2 g4 15. hxg4 fxg4 16. Nd2 Nxd2 17. Qxd2 h5 18. f3 e5 19. fxg4 hxg4 20. cxd5 exd4 21. exd4 Qe4 22. Nb3 a4 23. Bd3 Qxd5 24. Qh6 Rf7 25. Rae1 Nf8 26. Rxf6 Rxf6 27. Qxf6 axb3 28. Re7 1-0

[Event "V Open RGCC 2019"]
[Site "Gijon"]
[Date "2019.07.25"]
[Round "4.6"]
[White "Navrotescu, Catalin"]
[Black "Rios, Cristhian Camilo"]
[Result "1/2-1/2"]
[WhiteElo "2356"]
[BlackElo "2520"]
[Annotator "ChessBase"]
[PlyCount "71"]
[EventDate "2019.07.22"]
[EventType "swiss"]
[EventCountry "ESP"]
[SourceTitle "playchess.com"]
[Source "ChessBase"]
[SourceQuality "1"]
[TimeControl "5400+30"]

1. Nf3 d5 2. g3 g6 3. Bg2 Bg7 4. d4 Nf6 5. c4 c6 6. Qa4 Nbd7 7. cxd5 Nb6 8. Qb3 Nbxd5 9. O-O Qb6 10. Nbd2 O-O 11. Nc4 Qa6 12. Re1 Nb6 13. Nce5 Be6 14. Qc2 Nfd7 15. Nxd7 Nxd7 16. Bg5 Rfe8 17. e4 Rac8 18. Qd2 c5 19. d5 Bg4 20. h3 Bxf3 21. Bxf3 Ne5 22. Be2 c4 23. Red1 Qa4 24. Qe3 h6 25. Bf4 g5 26. Bxe5 Bxe5 27. b3 Qa3 28. Rac1 c3 29. Rc2 Qc5 30. Qxc5 Rxc5 31. Kg2 Rd8 32. Kf3 Kf8 33. Ke3 Bb8 34. Rdc1 Be5 35. f4 Bg7 36. e5 1/2-1/2

[Event "V Open RGCC 2019"]
[Site "Gijon"]
[Date "2019.07.25"]
[Round "4.7"]
[White "Cederstam Barsk, Carl"]
[Black "Campora, Daniel H."]
[Result "1/2-1/2"]
[WhiteElo "2325"]
[BlackElo "2420"]
[Annotator "NA"]
[PlyCount "90"]
[EventDate "2019.07.22"]
[EventType "swiss"]
[EventCountry "ESP"]
[SourceTitle "playchess.com"]
[Source "ChessBase"]
[SourceQuality "1"]
[TimeControl "5400+30"]

1. Nf3 d5 2. d4 Nf6 3. c4 g6 4. cxd5 Nxd5 5. e4 Nb6 6. Be2 Bg7 7. O-O O-O 8. a4 a5 9. Be3 Na6 10. Nc3 Bg4 11. d5 Nd7 12. h3 Bxf3 13. Bxf3 c6 14. Qd2 Ndc5 15. Rad1 Qb6 16. dxc6 bxc6 17. e5 Bxe5 18. Ne4 Nxe4 19. Bxb6 Nxd2 20. Rxd2 Rfc8 21. Bxa5 Nc5 22. Bb4 Nxa4 23. Bxe7 Nxb2 24. Rc2 Ra7 25. Bc5 Ra6 26. Rb1 Nd3 27. Be2 Nxc5 28. Rxc5 Ra1 29. Rxa1 Bxa1 30. Bf3 Rb8 31. Bxc6 Rb1+ 32. Kh2 h5 33. h4 Rb4 34. g3 Rb2 35. Kg2 Rd2 36. Ba4 Rxf2+ 37. Kxf2 Bd4+ 38. Kf3 Bxc5 39. Bb3 Kg7 40. Kg2 Bb4 41. Bc4 Be1 42. Kh3 f6 43. Bd3 f5 44. Be2 Kf6 45. Bb5 Bf2 1/2-1/2

[Event "V Open RGCC 2019"]
[Site "Gijon"]
[Date "2019.07.25"]
[Round "5.1"]
[White "Quispe Arteaga, Gabriel"]
[Black "Cruz, Cristhian"]
[Result "1/2-1/2"]
[WhiteElo "2382"]
[BlackElo "2562"]
[Annotator "ChessBase"]
[PlyCount "68"]
[EventDate "2019.07.22"]
[EventType "swiss"]
[EventCountry "ESP"]
[SourceTitle "playchess.com"]
[Source "ChessBase"]
[SourceQuality "1"]
[TimeControl "5400+30"]

1. Nf3 g6 2. g3 Bg7 3. Bg2 c5 4. O-O Nc6 5. c4 e6 6. Nc3 Nge7 7. e3 O-O 8. d4 cxd4 9. Nxd4 d5 10. cxd5 exd5 11. b3 Nxd4 12. exd4 Be6 13. Bg5 Re8 14. Qf3 Rc8 15. Bxe7 Rxe7 16. Nxd5 Bxd5 17. Qxd5 Rd7 18. Qf3 Rc2 19. Qe4 Rd2 20. Rad1 Rxa2 21. d5 Bf8 22. Ra1 Rxa1 23. Rxa1 a5 24. Rc1 b6 25. Bf3 Bc5 26. Kg2 Kg7 27. Qd3 Qf6 28. h4 h5 29. Re1 Re7 30. Rxe7 Qxe7 31. Qc3+ Qf6 32. Qxf6+ Kxf6 33. Be2 Ke5 34. Bb5 Kxd5 1/2-1/2